[Event "Titled Tuesday intern op 21st Dec"]
[Site "Chess.com INT"]
[Date "2021.12.21"]
[Round "6"]
[White "Rakhmanov, Alexander"]
[Black "Mamedyarov, Shakhriyar"]
[Result "0-1"]
[WhiteElo "2640"]
[BlackElo "2767"]
[PlyCount "136"]
[EventDate "2021.12.21"]
[EventType "swiss (blitz)"]
[EventRounds "11"]
[EventCountry "USA"]
[SourceTitle "CBM 205 Extra"]
[Source "ChessBase"]
[SourceDate "2022.01.31"]
[SourceVersion "1"]
[SourceVersionDate "2022.01.31"]
[SourceQuality "1"]

1. d4 Nf6 2. c4 g6 3. Nc3 Bg7 4. e4 d6 5. h3 O-O 6. Be3 Nc6 7. d5 Ne5 8. Nf3 Nxf3+ 9. Qxf3 c6 10. Bd3 Nd7 11. O-O Nc5 12. Qe2 Qa5 13. Rac1 Bd7 14. Rfd1 Rfe8 15. Bb1 Rac8 16. Qd2 cxd5 17. Nxd5 Qxd2 18. Rxd2 b6 19. b3 Bc6 20. f3 Bxd5 21. Rxd5 a5 22. Bc2 Bb2 23. Rb1 Ba3 24. Kf1 Nd7 25. Bg5 Ne5 26. Bd1 Nc6 27. Be2 Bc5 28. Rbd1 Ra8 29. f4 a4 30. Bf3 axb3 31. axb3 Ra3 32. R5d3 Nb4 33. Rc3 Na2 34. Rcd3 Nb4 35. Rc3 Ra2 36. Bh4 Nc2 37. Bf2 Bxf2 38. Kxf2 Nd4+ 39. Kg3 e5 40. b4 Rc8 41. fxe5 dxe5 42. c5 Ra4 43. Rb1 Kf8 44. Bg4 Rc7 45. Kh2 h5 46. Bd1 Ra2 47. b5 bxc5 48. b6 Rb7 49. Rxc5 Ra6 50. Rxe5 Rbxb6 51. Rxb6 Rxb6 52. Rd5 Ne6 53. Rd2 Ke7 54. h4 Kf6 55. Bf3 Ke5 56. Kg3 Nd4 57. Ra2 Rb3 58. Ra5+ Kf6 59. Kf4 Ne6+ 60. Kg3 Rc3 61. Rd5 Nc5 62. Rd6+ Ke7 63. Rd4 f6 64. Rb4 g5 65. hxg5 fxg5 66. Kf2 Nd3+ 67. Ke3 Nxb4+ 68. Kd4 Rxf3 0-1

[Event "Titled Tuesday intern op 21st Dec"]
[Site "Chess.com INT"]
[Date "2021.12.21"]
[Round "6"]
[White "Ristic, Nebojsa M"]
[Black "Levitsky, Andrey"]
[Result "0-1"]
[WhiteElo "2353"]
[BlackElo "2329"]
[PlyCount "106"]
[EventDate "2021.12.21"]
[EventType "swiss (blitz)"]
[EventRounds "11"]
[EventCountry "USA"]
[SourceTitle "CBM 205 Extra"]
[Source "ChessBase"]
[SourceDate "2022.01.31"]
[SourceVersion "1"]
[SourceVersionDate "2022.01.31"]
[SourceQuality "1"]

1. d4 e6 2. Bf4 Nf6 3. e3 c5 4. Nf3 d5 5. c3 Bd6 6. Bg3 O-O 7. Nbd2 b6 8. Bd3 Bb7 9. Qe2 Nc6 10. Rd1 cxd4 11. exd4 Re8 12. Ne5 Qc7 13. O-O h6 14. Rde1 Ne7 15. Bh4 Nd7 16. f4 Nf5 17. Bf2 a6 18. a4 f6 19. Nxd7 Qxd7 20. Qd1 Bxf4 21. Nf3 b5 22. axb5 axb5 23. Qb3 Bc6 24. Ra1 Ne3 25. Rfe1 Nc4 26. Qc2 Rxa1 27. Rxa1 Ra8 28. Rxa8+ Bxa8 29. b3 Nb6 30. Qe2 Bc6 31. g3 Bd6 32. Nh4 f5 33. Be3 b4 34. c4 dxc4 35. bxc4 Na4 36. c5 Be7 37. Ng6 Bf6 38. Qf2 Qd5 39. Kf1 Nc3 40. Ke1 b3 41. Kd2 Ne4+ 42. Bxe4 Qxe4 43. Kc3 e5 44. dxe5 Bxe5+ 45. Nxe5 Qxe5+ 46. Kxb3 Bd5+ 47. Kb4 Qe4+ 48. Bd4 Qb1+ 49. Qb2 Qe1+ 50. Kb5 Qf1+ 51. Kb6 Qe1 52. Bxg7 Qe6+ 53. Ka5 Bc4 0-1

[Event "Titled Tuesday intern op 21st Dec"]
[Site "Chess.com INT"]
[Date "2021.12.21"]
[Round "6"]
[White "Rodrigues Mota, Romulo Cardoso S"]
[Black "Elissalt Cardenas, Hector"]
[Result "0-1"]
[WhiteElo "2027"]
[BlackElo "2290"]
[PlyCount "142"]
[EventDate "2021.12.21"]
[EventType "swiss (blitz)"]
[EventRounds "11"]
[EventCountry "USA"]
[SourceTitle "CBM 205 Extra"]
[Source "ChessBase"]
[SourceDate "2022.01.31"]
[SourceVersion "1"]
[SourceVersionDate "2022.01.31"]
[SourceQuality "1"]

1. e4 d6 2. d4 Nf6 3. Nc3 e5 4. f3 Be7 5. Be3 O-O 6. Nge2 c6 7. Qd2 Nbd7 8. O-O-O Qa5 9. Kb1 Re8 10. Nd5 Qxd2 11. Nxe7+ Rxe7 12. Rxd2 Nb6 13. Nc3 Bd7 14. dxe5 dxe5 15. Bc5 Ree8 16. g4 Be6 17. Be2 Nfd7 18. Be3 Kf8 19. Rhd1 Ke7 20. h3 f6 21. f4 exf4 22. Bxf4 Ne5 23. g5 Rad8 24. gxf6+ gxf6 25. Bxe5 fxe5 26. h4 Rxd2 27. Rxd2 Rg8 28. b3 Nd7 29. Nd1 Rg1 30. Kb2 Rh1 31. h5 Nf6 32. Nf2 Rh2 33. Bf3 Bg4 34. Nxg4 Rxd2 35. Nxe5 Rf2 36. Bd1 Rf4 37. Nd3 Rxe4 38. Nf2 Rh4 39. Nd3 Nxh5 40. b4 Nf6 41. a4 Rh1 42. Bf3 Rf1 43. Be2 Rg1 44. b5 h5 45. bxc6 bxc6 46. Bf3 c5 47. Nxc5 h4 48. Nd3 h3 49. Nf4 Rf1 50. Nxh3 Rxf3 51. Ng5 Rf5 52. Nh3 Nd7 53. Ng1 Nc5 54. Ka3 Rf1 55. Ne2 a5 56. Nc3 Ra1+ 57. Kb2 Rh1 58. Ka3 Kd6 59. Nb5+ Kd5 60. Nc3+ Kc4 61. Ne4 Rh3+ 62. Kb2 Nxa4+ 63. Kc1 Nc3 64. Nd2+ Kb4 65. Kb2 Nd1+ 66. Kc1 Nc3 67. Kb2 a4 68. Nb1 Rh1 69. Nxc3 a3+ 70. Ka2 Kxc3 71. Kxa3 Ra1# 0-1

[Event "Titled Tuesday intern op 21st Dec"]
[Site "Chess.com INT"]
[Date "2021.12.21"]
[Round "6"]
[White "Sadhwani, Raunak"]
[Black "Starozhilov, Leonid"]
[Result "1/2-1/2"]
[WhiteElo "2616"]
[BlackElo "2293"]
[PlyCount "154"]
[EventDate "2021.12.21"]
[EventType "swiss (blitz)"]
[EventRounds "11"]
[EventCountry "USA"]
[SourceTitle "CBM 205 Extra"]
[Source "ChessBase"]
[SourceDate "2022.01.31"]
[SourceVersion "1"]
[SourceVersionDate "2022.01.31"]
[SourceQuality "1"]

1. c4 Nf6 2. Nc3 g6 3. g3 d6 4. d4 Bg7 5. Bg2 O-O 6. Nf3 c6 7. O-O Bf5 8. Re1 Ne4 9. Qb3 Qb6 10. Be3 Nxc3 11. bxc3 Be4 12. Bh3 Bxf3 13. exf3 e6 14. Bf4 Rd8 15. Qa3 Qa6 16. Qb3 d5 17. c5 b6 18. Bc7 Rd7 19. cxb6 axb6 20. Qxb6 Qxb6 21. Bxb6 Bf8 22. a4 Rb7 23. a5 Nd7 24. Rab1 Rab8 25. Rb3 Bd6 26. c4 dxc4 27. Rc3 Nxb6 28. axb6 Rxb6 29. Rxc4 Rb1 30. Rxb1 Rxb1+ 31. Kg2 Rb4 32. Rxc6 Rxd4 33. f4 Kg7 34. Bg4 Rd2 35. h4 h5 36. Bf3 Bb8 37. Ra6 Bd6 38. Ra5 Bc7 39. Rb5 Rc2 40. Be4 Rd2 41. Kf3 Bd8 42. Ke3 Rd7 43. Bd3 Bf6 44. Bc4 Bd4+ 45. Ke2 Rc7 46. Bb3 Bf6 47. Rb6 Bd4 48. Rd6 Bc5 49. Rd3 Rb7 50. Kf3 Bb4 51. Bd1 Rc7 52. Rb3 Rc3+ 53. Rxc3 Bxc3 54. g4 hxg4+ 55. Kxg4 Kh6 56. Ba4 Be1 57. Be8 f5+ 58. Kg3 Bd2 59. Bd7 Kg7 60. Bxe6 Kf6 61. Bc4 Be1 62. Kf3 Bd2 63. Bb5 Bc1 64. Be8 Bd2 65. Kg3 Be1 66. Kf3 Bd2 67. h5 gxh5 68. Bxh5 Bc1 69. Be8 Bd2 70. Bb5 Ba5 71. Bd3 Bc7 72. Bc2 Bb8 73. Bxf5 Kxf5 74. Ke2 Bxf4 75. Kf1 Bb8 76. Kg2 Ba7 77. f4 Kxf4 1/2-1/2

[Event "Titled Tuesday intern op 21st Dec"]
[Site "Chess.com INT"]
[Date "2021.12.21"]
[Round "6"]
[White "Sailer, Mike L"]
[Black "Alfaro Caracas, William"]
[Result "0-1"]
[WhiteElo "2109"]
[BlackElo "2152"]
[PlyCount "64"]
[EventDate "2021.12.21"]
[EventType "swiss (blitz)"]
[EventRounds "11"]
[EventCountry "USA"]
[SourceTitle "CBM 205 Extra"]
[Source "ChessBase"]
[SourceDate "2022.01.31"]
[SourceVersion "1"]
[SourceVersionDate "2022.01.31"]
[SourceQuality "1"]

1. d4 Nf6 2. Nf3 e6 3. Bg5 Be7 4. e3 h6 5. Bh4 d5 6. Bd3 c5 7. c3 Nc6 8. Nbd2 O-O 9. O-O b6 10. a3 Bb7 11. b4 Rc8 12. Qe2 Ne4 13. Bxe7 Nxe7 14. Rfc1 cxd4 15. cxd4 Qd7 16. Bb5 Qd6 17. Nxe4 dxe4 18. Ne5 Nd5 19. Qb2 f6 20. Nc4 Qe7 21. Nd2 f5 22. Nc4 f4 23. Ne5 fxe3 24. fxe3 Qg5 25. Rxc8 Qxe3+ 26. Kh1 Bxc8 27. h3 Rf2 28. Qc1 Qg3 29. Qxc8+ Kh7 30. Rg1 Nf4 31. Qxe6 Nxe6 32. Ng4 Rd2 0-1

[Event "Titled Tuesday intern op 21st Dec"]
[Site "Chess.com INT"]
[Date "2021.12.21"]
[Round "6"]
[White "Sanchez, Roberto Daniel"]
[Black "Quirke, Jeffrey"]
[Result "1-0"]
[WhiteElo "1970"]
[BlackElo "2086"]
[PlyCount "59"]
[EventDate "2021.12.21"]
[EventType "swiss (blitz)"]
[EventRounds "11"]
[EventCountry "USA"]
[SourceTitle "CBM 205 Extra"]
[Source "ChessBase"]
[SourceDate "2022.01.31"]
[SourceVersion "1"]
[SourceVersionDate "2022.01.31"]
[SourceQuality "1"]

1. e4 c6 2. Nf3 d5 3. Nc3 Bg4 4. h3 Bh5 5. exd5 cxd5 6. Bb5+ Nc6 7. g4 Bg6 8. Ne5 Rc8 9. d4 e6 10. h4 f6 11. Nxg6 hxg6 12. Qd3 Kf7 13. h5 gxh5 14. gxh5 f5 15. Bd2 Bd6 16. O-O-O Qf6 17. Be3 Nge7 18. f4 Nb4 19. Qe2 a6 20. Bd3 b5 21. Kb1 Nbc6 22. Rde1 Rh6 23. Rhg1 Rch8 24. Rg5 Nc8 25. Nd1 Nxd4 26. Bxd4 Qxd4 27. Rg6 Rxg6 28. hxg6+ Kxg6 29. Qxe6+ Qf6 30. Bxf5+ 1-0

[Event "Titled Tuesday intern op 21st Dec"]
[Site "Chess.com INT"]
[Date "2021.12.21"]
[Round "6"]
[White "Santos Ruiz, Miguel"]
[Black "Rodchenkov, Vitaly"]
[Result "1-0"]
[WhiteElo "2596"]
[BlackElo "2330"]
[PlyCount "107"]
[EventDate "2021.12.21"]
[EventType "swiss (blitz)"]
[EventRounds "11"]
[EventCountry "USA"]
[SourceTitle "CBM 205 Extra"]
[Source "ChessBase"]
[SourceDate "2022.01.31"]
[SourceVersion "1"]
[SourceVersionDate "2022.01.31"]
[SourceQuality "1"]

1. e4 c5 2. Nf3 d6 3. d4 cxd4 4. Nxd4 Nf6 5. Nc3 a6 6. Be2 e5 7. Nb3 Be7 8. Be3 Be6 9. Nd5 Bxd5 10. exd5 Nbd7 11. c4 Rc8 12. O-O O-O 13. Qd2 g6 14. Na5 Ne4 15. Qe1 Qc7 16. b4 f5 17. f3 Nef6 18. Rc1 Rce8 19. Qd2 Bd8 20. c5 dxc5 21. d6 Qb6 22. a3 f4 23. Bf2 e4 24. fxe4 Nxe4 25. Qd5+ Kh8 26. Nc4 Qc6 27. Qxc6 bxc6 28. Bf3 Nxf2 29. Rxf2 cxb4 30. Bxc6 Rf7 31. axb4 Ref8 32. Re2 Bf6 33. Rd1 Rd8 34. Na5 Ne5 35. Ba4 Kg7 36. Nc6 Nxc6 37. Bxc6 Bc3 38. Re4 g5 39. d7 Kf6 40. Re8 Rf8 41. b5 axb5 42. Bxb5 Ba5 43. Kf2 g4 44. Rd5 Bb6+ 45. Ke2 Kf7 46. h3 f3+ 47. gxf3 gxh3 48. Rh5 Kg7 49. Rxh3 Rf5 50. Re7+ Kf6 51. Rexh7 Rxb5 52. R3h6+ Kg5 53. Rh5+ Kf4 54. Rxb5 1-0

[Event "Titled Tuesday intern op 21st Dec"]
[Site "Chess.com INT"]
[Date "2021.12.21"]
[Round "6"]
[White "Sargsyan, Anna M"]
[Black "Bethke, Richard"]
[Result "1-0"]
[WhiteElo "2368"]
[BlackElo "2327"]
[PlyCount "63"]
[EventDate "2021.12.21"]
[EventType "swiss (blitz)"]
[EventRounds "11"]
[EventCountry "USA"]
[SourceTitle "CBM 205 Extra"]
[Source "ChessBase"]
[SourceDate "2022.01.31"]
[SourceVersion "1"]
[SourceVersionDate "2022.01.31"]
[SourceQuality "1"]

1. d4 Nf6 2. c4 e6 3. Nf3 d5 4. Nc3 Be7 5. Bf4 O-O 6. e3 c5 7. cxd5 Nxd5 8. Nxd5 Qxd5 9. dxc5 Bxc5 10. Qxd5 exd5 11. a3 Nc6 12. Rd1 Be6 13. Be2 Rfd8 14. O-O d4 15. b4 Bb6 16. b5 dxe3 17. bxc6 exf2+ 18. Kh1 Rxd1 19. cxb7 Rxf1+ 20. Bxf1 Bd5 21. bxa8=Q+ Bxa8 22. h3 h6 23. Kh2 g5 24. Be5 f5 25. Kg3 f4+ 26. Kg4 Be4 27. h4 Bc5 28. hxg5 Bxa3 29. gxh6 Bc5 30. Ng5 Bg6 31. h7+ Bxh7 32. Bc4+ 1-0

[Event "Titled Tuesday intern op 21st Dec"]
[Site "Chess.com INT"]
[Date "2021.12.21"]
[Round "6"]
[White "Shapiro, Daniel E"]
[Black "Baches Garcia, Guillermo"]
[Result "1/2-1/2"]
[WhiteElo "2284"]
[BlackElo "2329"]
[PlyCount "84"]
[EventDate "2021.12.21"]
[EventType "swiss (blitz)"]
[EventRounds "11"]
[EventCountry "USA"]
[SourceTitle "CBM 205 Extra"]
[Source "ChessBase"]
[SourceDate "2022.01.31"]
[SourceVersion "1"]
[SourceVersionDate "2022.01.31"]
[SourceQuality "1"]

1. d4 Nf6 2. c4 e6 3. Nf3 d5 4. g3 Be7 5. Bg2 O-O 6. O-O dxc4 7. Ne5 c5 8. dxc5 Qc7 9. Nxc4 Qxc5 10. b3 Rd8 11. Nbd2 Bd7 12. Ba3 Qxa3 13. Nxa3 Bxa3 14. Nc4 Be7 15. Qc2 Nc6 16. Rfd1 Rac8 17. Qb2 Be8 18. Rac1 Nd5 19. a3 Bf6 20. Qc2 Nd4 21. Qe4 Nxb3 22. Rb1 Nc3 23. Rxd8 Rxd8 24. Qc2 Nxb1 25. Qxb1 Nc5 26. h3 b6 27. Qb4 h5 28. h4 g6 29. e4 Bd4 30. Nxb6 axb6 31. Qxb6 Ra8 32. e5 Rxa3 33. Qd8 Ra1+ 34. Kh2 Bxf2 35. Qxe8+ Kg7 36. Qe7 Bg1+ 37. Kh3 Rc1 38. Bc6 Nd3 39. Qf6+ Kf8 40. Qd8+ Kg7 41. Qf6+ Kf8 42. Qd8+ Kg7 1/2-1/2

[Event "Titled Tuesday intern op 21st Dec"]
[Site "Chess.com INT"]
[Date "2021.12.21"]
[Round "6"]
[White "Siniauski, Artsiom"]
[Black "Perera Alfonso, Rene Humberto"]
[Result "1-0"]
[WhiteElo "2301"]
[BlackElo "2354"]
[PlyCount "61"]
[EventDate "2021.12.21"]
[EventType "swiss (blitz)"]
[EventRounds "11"]
[EventCountry "USA"]
[SourceTitle "CBM 205 Extra"]
[Source "ChessBase"]
[SourceDate "2022.01.31"]
[SourceVersion "1"]
[SourceVersionDate "2022.01.31"]
[SourceQuality "1"]

1. e4 c5 2. Nf3 d6 3. Bb5+ Bd7 4. Bxd7+ Qxd7 5. d4 cxd4 6. Qxd4 Nc6 7. Qe3 g6 8. O-O Bg7 9. c4 Nf6 10. Nc3 O-O 11. h3 Rac8 12. b3 Qd8 13. Bb2 Nd7 14. Rab1 Qa5 15. Nd5 Bxb2 16. Rxb2 b5 17. Qh6 Rfe8 18. Ng5 Nf8 19. f4 f6 20. Nf3 Nb4 21. f5 Nxd5 22. cxd5 Qb4 23. Re2 Rc3 24. e5 dxe5 25. Ref2 Qc5 26. Kh1 Rc2 27. fxg6 Rxf2 28. gxh7+ Nxh7 29. Qg6+ Kf8 30. Qh6+ Kg8 31. Rc1 1-0

[Event "Titled Tuesday intern op 21st Dec"]
[Site "Chess.com INT"]
[Date "2021.12.21"]
[Round "6"]
[White "Sowa, Ryan"]
[Black "Doluhanova, Evgeniya"]
[Result "1-0"]
[WhiteElo "2067"]
[BlackElo "2264"]
[PlyCount "97"]
[EventDate "2021.12.21"]
[EventType "swiss (blitz)"]
[EventRounds "11"]
[EventCountry "USA"]
[SourceTitle "CBM 205 Extra"]
[Source "ChessBase"]
[SourceDate "2022.01.31"]
[SourceVersion "1"]
[SourceVersionDate "2022.01.31"]
[SourceQuality "1"]

1. Nf3 Nf6 2. c4 e6 3. g3 d5 4. d4 Bb4+ 5. Bd2 Be7 6. Bg2 O-O 7. O-O c6 8. Qc2 Nbd7 9. Rd1 a5 10. Bf4 b6 11. Ne5 Bb7 12. cxd5 cxd5 13. Nc6 Bxc6 14. Qxc6 Qc8 15. Qb5 Qc2 16. Nc3 Rfc8 17. Rac1 Qg6 18. Na4 h6 19. Nxb6 Nxb6 20. Qxb6 Nh5 21. Rxc8+ Rxc8 22. Qb7 Re8 23. Qd7 Nf6 24. Qa4 Rc8 25. Bf3 Rc2 26. Qb3 a4 27. Qb8+ Kh7 28. Qb7 Bd8 29. Qa8 Be7 30. Qa7 Bf8 31. Qxa4 Rxb2 32. Qa8 Be7 33. a4 Qc2 34. Rf1 Bb4 35. Qa7 Ne4 36. Qxf7 Rb1 37. Be5 Rxf1+ 38. Kxf1 Qc1+ 39. Kg2 Qg5 40. Qxe6 Be1 41. Bxe4+ dxe4 42. Qf7 e3 43. f3 Bf2 44. a5 h5 45. a6 h4 46. Qxg7+ Qxg7 47. Bxg7 Kxg7 48. a7 h3+ 49. Kxh3 1-0

[Event "Titled Tuesday intern op 21st Dec"]
[Site "Chess.com INT"]
[Date "2021.12.21"]
[Round "6"]
[White "Srebrnic, Marko"]
[Black "Barria Zuniga, Daniel"]
[Result "1-0"]
[WhiteElo "2372"]
[BlackElo "2341"]
[PlyCount "77"]
[EventDate "2021.12.21"]
[EventType "swiss (blitz)"]
[EventRounds "11"]
[EventCountry "USA"]
[SourceTitle "CBM 205 Extra"]
[Source "ChessBase"]
[SourceDate "2022.01.31"]
[SourceVersion "1"]
[SourceVersionDate "2022.01.31"]
[SourceQuality "1"]

1. e4 c5 2. Nf3 e6 3. d4 cxd4 4. Nxd4 a6 5. g3 b5 6. Bg2 Bb7 7. O-O Ne7 8. a4 b4 9. Nd2 Nec6 10. Nc4 Nxd4 11. Qxd4 Nc6 12. Qd3 Qc7 13. f4 Bc5+ 14. Kh1 d6 15. b3 O-O 16. Bb2 a5 17. Rad1 Ba6 18. g4 Rad8 19. Qh3 d5 20. exd5 exd5 21. Ne5 Bxf1 22. Rxf1 Nxe5 23. Bxe5 Bd6 24. Bxd6 Rxd6 25. g5 Qxc2 26. f5 Qc3 27. Qh4 Qxb3 28. f6 Qd3 29. fxg7 Kxg7 30. Qf4 Qg6 31. h4 Re8 32. Bf3 Rde6 33. h5 Qd3 34. Bg2 R8e7 35. h6+ Kg8 36. Qb8+ Re8 37. Qf4 Qg6 38. Bxd5 Re1 39. Bxf7+ 1-0

[Event "Titled Tuesday intern op 21st Dec"]
[Site "Chess.com INT"]
[Date "2021.12.21"]
[Round "6"]
[White "Stead, Kerry"]
[Black "Lakshmi, Chidambaram"]
[Result "0-1"]
[WhiteElo "1978"]
[BlackElo "2058"]
[PlyCount "100"]
[EventDate "2021.12.21"]
[EventType "swiss (blitz)"]
[EventRounds "11"]
[EventCountry "USA"]
[SourceTitle "CBM 205 Extra"]
[Source "ChessBase"]
[SourceDate "2022.01.31"]
[SourceVersion "1"]
[SourceVersionDate "2022.01.31"]
[SourceQuality "1"]

1. d4 f5 2. e4 fxe4 3. f3 exf3 4. Nxf3 Nf6 5. Bd3 g6 6. O-O Bg7 7. c3 Nc6 8. Bg5 d5 9. Nbd2 O-O 10. Qe1 Qd6 11. Qh4 Be6 12. Rae1 Nd8 13. Ne5 c5 14. Nxg6 hxg6 15. Bxg6 cxd4 16. cxd4 Nc6 17. Nf3 Bf7 18. Bxf7+ Rxf7 19. Ne5 Nxe5 20. dxe5 Qb6+ 21. Be3 Qxb2 22. exf6 Rxf6 23. Rxf6 Qxf6 24. Qxf6 Bxf6 25. g4 e5 26. g5 Bg7 27. h4 d4 28. Bd2 Rc8 29. Kg2 Rc2 30. Re2 e4 31. Kf1 e3 32. Bb4 d3 33. Rxc2 dxc2 34. Ba3 Bc3 35. Ke2 Bd2 36. h5 c1=Q 37. Bxc1 Bxc1 38. a4 a6 39. g6 Kg7 40. Kd1 Bd2 41. Ke2 b5 42. axb5 axb5 43. Kd3 b4 44. Ke2 b3 45. Kd3 b2 46. Kc2 e2 47. Kxd2 b1=Q 48. Kxe2 Qb5+ 49. Kf3 Qxh5+ 50. Kf4 Qxg6 0-1

[Event "Titled Tuesday intern op 21st Dec"]
[Site "Chess.com INT"]
[Date "2021.12.21"]
[Round "6"]
[White "Tahbaz, Arash"]
[Black "Piesik, Piotr"]
[Result "1-0"]
[WhiteElo "2468"]
[BlackElo "2407"]
[PlyCount "83"]
[EventDate "2021.12.21"]
[EventType "swiss (blitz)"]
[EventRounds "11"]
[EventCountry "USA"]
[SourceTitle "CBM 205 Extra"]
[Source "ChessBase"]
[SourceDate "2022.01.31"]
[SourceVersion "1"]
[SourceVersionDate "2022.01.31"]
[SourceQuality "1"]

1. Nf3 g6 2. e4 Bg7 3. d4 c6 4. Nc3 d6 5. h3 Nf6 6. Be2 O-O 7. O-O Nbd7 8. a4 e5 9. dxe5 dxe5 10. Be3 Qe7 11. a5 Nc5 12. Nd2 Rd8 13. Qb1 Ne6 14. Rd1 Nd4 15. Bf1 Be6 16. Nc4 Nh5 17. Na4 Nf4 18. Rd2 Bxc4 19. Bxc4 Nxh3+ 20. Kf1 Nf4 21. Qd1 Nde6 22. g3 Rxd2 23. Bxd2 Nh5 24. Qg4 Nf6 25. Qh4 Rd8 26. Be3 a6 27. c3 h5 28. b4 Re8 29. Ke2 Ng4 30. Qxe7 Rxe7 31. Bb6 Nf6 32. Rd1 Nxe4 33. Bxe6 fxe6 34. c4 Kf7 35. Rd8 Bf6 36. Rb8 Rd7 37. Be3 Be7 38. Nb6 Nc3+ 39. Kf3 e4+ 40. Kg2 Rc7 41. Bf4 e5 42. Bxe5 1-0

[Event "Titled Tuesday intern op 21st Dec"]
[Site "Chess.com INT"]
[Date "2021.12.21"]
[Round "6"]
[White "Tanenbaum, Zachary Chen"]
[Black "Arias Gaviria, Mario Alexis"]
[Result "0-1"]
[WhiteElo "2146"]
[BlackElo "2181"]
[PlyCount "126"]
[EventDate "2021.12.21"]
[EventType "swiss (blitz)"]
[EventRounds "11"]
[EventCountry "USA"]
[SourceTitle "CBM 205 Extra"]
[Source "ChessBase"]
[SourceDate "2022.01.31"]
[SourceVersion "1"]
[SourceVersionDate "2022.01.31"]
[SourceQuality "1"]

1. e4 c5 2. Nf3 d6 3. d4 cxd4 4. Nxd4 Nf6 5. Nc3 a6 6. Be3 e5 7. Nb3 Be6 8. h3 Nbd7 9. g4 h6 10. Qd2 Rc8 11. O-O-O Rxc3 12. Qxc3 Nxe4 13. Qb4 d5 14. Qxb7 Nef6 15. Bxa6 d4 16. Bd2 Bd5 17. Qa7 Bd6 18. Ba5 Qe7 19. Nxd4 Bb8 20. Nf5 Bxa7 21. Nxe7 Kxe7 22. Rhe1 Bxf2 23. Bb4+ Ke6 24. c4 Bxe1 25. cxd5+ Nxd5 26. Bxe1 h5 27. b3 hxg4 28. hxg4 Rh2 29. Bc4 N7b6 30. Rd2 Rh1 31. Rd1 Nxc4 32. bxc4 Ne3 33. Rd3 Nxc4 34. Rd1 Ne3 35. Rd3 Rxe1+ 36. Kd2 Ng2 37. Rg3 Ra1 38. Ra3 e4 39. Ke2 Ke5 40. Kf2 Nf4 41. Ke3 Nd5+ 42. Ke2 Rxa2+ 43. Rxa2 Nc3+ 44. Ke3 Nxa2 45. g5 g6 46. Kf2 Nb4 47. Ke2 Nd5 48. Kf2 Nf4 49. Kg3 Ne6 50. Kg4 Nxg5 51. Kg3 Ne6 52. Kg4 f6 53. Kg3 f5 54. Kg2 g5 55. Kf2 f4 56. Ke2 g4 57. Kf2 g3+ 58. Kg2 Kf5 59. Kh3 Kg5 60. Kg2 Kg4 61. Kh1 f3 62. Kg1 e3 63. Kh1 e2 0-1

[Event "Titled Tuesday intern op 21st Dec"]
[Site "Chess.com INT"]
[Date "2021.12.21"]
[Round "6"]
[White "Terry, Renato"]
[Black "Mirzoev, Azer"]
[Result "0-1"]
[WhiteElo "2504"]
[BlackElo "2420"]
[PlyCount "104"]
[EventDate "2021.12.21"]
[EventType "swiss (blitz)"]
[EventRounds "11"]
[EventCountry "USA"]
[SourceTitle "CBM 205 Extra"]
[Source "ChessBase"]
[SourceDate "2022.01.31"]
[SourceVersion "1"]
[SourceVersionDate "2022.01.31"]
[SourceQuality "1"]

1. d4 d5 2. Bg5 c6 3. e3 h6 4. Bh4 Qb6 5. b3 Bf5 6. Nf3 e6 7. Bd3 Bxd3 8. Qxd3 Be7 9. Bg3 Nf6 10. Nbd2 Nbd7 11. O-O a5 12. a3 O-O 13. c4 Qa6 14. Qc2 Rfc8 15. e4 dxe4 16. Nxe4 Nxe4 17. Qxe4 a4 18. Qc2 axb3 19. Qxb3 Ra7 20. Rfb1 Bf6 21. Ne5 Nxe5 22. Bxe5 Bxe5 23. dxe5 Rd8 24. Qe3 Rd7 25. h3 Ra8 26. Rb4 Rad8 27. Rab1 Rd1+ 28. Kh2 Rxb1 29. Rxb1 Rd7 30. Rb4 Qa5 31. f4 g6 32. Qb3 Qa7 33. Rb6 h5 34. c5 Kg7 35. Qb4 Qa8 36. a4 Qc8 37. a5 Qc7 38. Qb2 Qc8 39. f5 gxf5 40. Rb3 h4 41. Qf2 Qd8 42. Rb4 Rd2 43. Qf4 Rd7 44. Qe3 Qe7 45. Qf2 Qg5 46. Rc4 Rd2 47. Qf3 Ra2 48. Rb4 Rxa5 49. Rxb7 Rxc5 50. Qf2 Rc3 51. Rb4 Qg3+ 52. Kg1 Rc1+ 0-1

[Event "Titled Tuesday intern op 21st Dec"]
[Site "Chess.com INT"]
[Date "2021.12.21"]
[Round "6"]
[White "Tologontegin, Semetey"]
[Black "Terletsky, Oleg"]
[Result "1-0"]
[WhiteElo "2381"]
[BlackElo "2154"]
[PlyCount "69"]
[EventDate "2021.12.21"]
[EventType "swiss (blitz)"]
[EventRounds "11"]
[EventCountry "USA"]
[SourceTitle "CBM 205 Extra"]
[Source "ChessBase"]
[SourceDate "2022.01.31"]
[SourceVersion "1"]
[SourceVersionDate "2022.01.31"]
[SourceQuality "1"]

1. e4 e5 2. Nf3 Nc6 3. Bb5 a6 4. Ba4 Nf6 5. O-O Be7 6. Re1 b5 7. Bb3 d6 8. c3 O-O 9. h3 Bb7 10. d4 Re8 11. Nbd2 Bf8 12. a4 h6 13. Bc2 exd4 14. cxd4 Nb4 15. Bb1 c5 16. d5 Nd7 17. Nf1 c4 18. Ra3 Nc5 19. Ng3 Nbd3 20. Bxd3 Nxd3 21. Rxd3 cxd3 22. axb5 axb5 23. Qxd3 g6 24. Qxb5 Ba6 25. Qb3 Bg7 26. Qc2 Rc8 27. Qa4 Bd3 28. Bf4 Qb6 29. Qa3 Bxb2 30. Qxd3 Bg7 31. Qa3 f5 32. Qxd6 Qxd6 33. Bxd6 fxe4 34. Nxe4 Rcd8 35. Bc7 1-0

[Event "Titled Tuesday intern op 21st Dec"]
[Site "Chess.com INT"]
[Date "2021.12.21"]
[Round "6"]
[White "Turski, Bartlomiej"]
[Black "Koellner, Ruben Gideon"]
[Result "0-1"]
[WhiteElo "2114"]
[BlackElo "2428"]
[PlyCount "132"]
[EventDate "2021.12.21"]
[EventType "swiss (blitz)"]
[EventRounds "11"]
[EventCountry "USA"]
[SourceTitle "CBM 205 Extra"]
[Source "ChessBase"]
[SourceDate "2022.01.31"]
[SourceVersion "1"]
[SourceVersionDate "2022.01.31"]
[SourceQuality "1"]

1. e4 d6 2. d4 Nf6 3. Nc3 e5 4. Nf3 Nbd7 5. Bc4 Be7 6. O-O c6 7. a4 Qc7 8. Re1 h6 9. Ba2 Nf8 10. h3 g5 11. Qe2 Ng6 12. Qc4 Bd8 13. d5 c5 14. Nb5 Qd7 15. b4 b6 16. a5 a6 17. Nc3 b5 18. Qf1 c4 19. Be3 g4 20. hxg4 Nxg4 21. Rad1 Nxe3 22. Rxe3 h5 23. Ne2 h4 24. Nh2 Bg5 25. Rf3 Qe7 26. c3 Bd7 27. Bb1 O-O-O 28. Rf5 Rdg8 29. Kh1 Bxf5 30. exf5 Nf4 31. Nxf4 Bxf4 32. Be4 Bxh2 33. Kxh2 Qg5 34. Qe2 Qf4+ 35. Kh1 Rg4 36. Re1 Rg3 37. Bf3 Rg5 38. Be4 f6 39. Kg1 Kc7 40. Kh1 Rg4 41. Kg1 Rg7 42. Kh1 Rg3 43. Bf3 Rg5 44. Be4 Kd8 45. Kg1 Ke7 46. Kh1 Kf8 47. Kg1 Rh7 48. Kh1 Rhg7 49. Rg1 Rg4 50. Re1 Ke7 51. Bf3 R4g5 52. Be4 Rh7 53. Kg1 Kf8 54. Kh1 Kg7 55. Kg1 Rh6 56. Kh1 Qg4 57. Qxg4 Rxg4 58. f3 Rg3 59. Kh2 Rh7 60. Rg1 Kh6 61. Rf1 Kg5 62. Rg1 Kf4 63. Re1 h3 64. Re2 hxg2+ 65. Kg1 Rh1+ 66. Kf2 g1=Q# 0-1